Statistics for Greatest Premier League Players

Click here to take the quiz!

General Stats

  • This quiz has been taken 4,076 times
  • The average score is 17 of 30

Answer Stats

RankPositionAppearancesGoalsAnswer% Correct
2Striker441260Alan Shearer
92%
6Midfield566169Frank Lampard
91%
7Midfield456101Steven Gerrard
89%
1Striker275175Thierry Henry
87%
8Midfield499107Paul Scholes
82%
13Striker359164Wayne Rooney
82%
3Midfield628109Ryan Giggs
78%
16Striker414187Andy Cole
72%
29Defender37715Ashley Cole
72%
27Defender48611Rio Ferdinand
70%
5Striker21484Cristiano Ronaldo
67%
19Defender40334John Terry
67%
26Striker246100Didier Drogba
65%
10Goalkeeper3101Peter Schmeichel
62%
12Striker326150Michael Owen
60%
18Midfield27762David Beckham
57%
15Midfield37539Roy Keane
55%
4Striker32487Dennis Bergkamp
54%
21Goalkeeper3440David Seaman
48%
22Striker379163Robbie Fowler
47%
20Defender4125Gary Neville
45%
11Striker15670Eric Cantona
43%
28Striker418146Teddy Sheringham
40%
24Striker16595Ruud van Nistelrooy
37%
17Defender25512Tony Adams
33%
9Midfield31931Patrick Vieira
32%
14Midfield270100Matt Le Tissier
23%
23Goalkeeper4501Brad Friedel
14%
30Midfield53580Gary Speed
11%
25Goalkeeper4401Shay Given
9%

Score Distribution

Percentile by Number Answered

Percent of People with Each Score

Your Score History

You have not taken this quiz